=LDR 00000nam 2200000 4500 =001 INLIS000000000005255 =005 20251010010759 =035 ##$$a 0010-1025000310 =007 ta =008 251010###########################0#ind## =082 ##$$a 612.661 =084 ##$$a 612.661 BAD r =100 #$$a Badan Koordinasi Keluarga Berencana Nasional =245 1#$$a Reproductive Health of Adolescents In Some Countries of The South-East Asia Region of Who /$c Badan Koordinasi Keluarga Berencana Nasional =260 ##$$a Bangkok :$b Badan Koordinasi Keluarga Berencana Nasional,$c 1980 =300 ##$$a 46 Hal : $b Ilus ; $c 21 =650 #4$$a Keluarga Berencana =856 ##$$a Perpustakaan Kemendukbangga